Statistieken voor De meeste toetsaanslagen - Sprint van 15 seconden

Klik hier om de quiz te nemen!

Algemene statistieken

  • Deze quiz is 155 keer genomen
  • De gemiddelde score is 70 van 160

Antwoordstatistieken

#% Correct
1
100%
2
97%
3
97%
10
94%
11
94%
12
94%
13
94%
14
94%
15
94%
16
94%
17
94%
4
94%
5
94%
6
94%
7
94%
8
94%
9
94%
18
91%
19
91%
20
91%
21
91%
22
91%
23
91%
24
91%
25
91%
26
88%
27
88%
28
88%
29
84%
30
84%
31
81%
32
81%
33
78%
34
75%
35
75%
36
69%
37
69%
38
66%
39
66%
40
66%
41
63%
42
63%
43
63%
44
63%
45
59%
46
59%
47
59%
48
59%
49
59%
50
59%
51
59%
52
59%
53
59%
54
56%
55
56%
56
56%
57
56%
58
56%
59
53%
60
53%
61
53%
62
53%
63
53%
64
50%
65
50%
66
47%
67
47%
68
47%
69
47%
70
44%
71
44%
72
44%
73
41%
74
41%
75
41%
76
38%
77
38%
78
38%
79
38%
80
38%
81
38%
82
34%
83
34%
84
34%
85
34%
86
34%
87
34%
88
34%
89
34%
90
34%
91
34%
100
31%
101
31%
102
31%
103
31%
104
31%
92
31%
93
31%
94
31%
95
31%
96
31%
97
31%
98
31%
99
31%
105
28%
106
28%
107
28%
108
28%
109
28%
110
28%
111
28%
112
28%
113
28%
114
28%
115
28%
116
28%
117
22%
118
22%
119
22%
120
22%
121
22%
122
22%
123
22%
124
19%
125
19%
126
19%
127
16%
128
13%
129
9%
130
6%
131
6%
132
6%
133
6%
134
6%
135
6%
136
6%
137
6%
138
3%
139
3%
140
3%
141
3%
142
3%
143
3%
144
3%
145
3%
146
3%
147
3%
148
3%
149
3%
150
0%
151
0%
152
0%
153
0%
154
0%
155
0%
156
0%
157
0%
158
0%
159
0%
160
0%

Scoreverdeling

Percentiel versus Aantal Correcte Antwoorden

Procent van Mensen met Elke Score

Uw Scoregeschiedenis

U heeft deze quiz nog niet genomen